00000000nam##2200000za#4500
0019.617491
003CaOODSP
00520200327191812
007ta
008150406|2005||||xxc|||||     f|0| 0 eng|d
040 |aCaOODSP|beng
043 |an-cn---
0861 |aT51-15/706-2005E-R
1101 |aCanada. |bTransport Canada.
24510|a706 - Aircraft maintenance requirements for air operators
2463 |aCanadian aviation regulations (CARs)
250 |aSupplementary Amendment to 2005-1 (effective 2005/05/31)
260 |aOttawa - Ontario : |bTransport Canada
300 |a8p. ; |c28 cm.
4901 |aCARs 700 - General |vChange No. 2
500 |aSuperseded by CARs regulation no. T51-15/706-2009E-R.
563 |aLoose-leaf
77508|t706 - Exigences de maintenance des aéronefs pour les exploitants aériens |w(CaOODSP)9.627014
830#0|aCARs 700 - General ;|vChange No. 2|w(CaOODSP)9.515157